| 000 | 00461nam a2200133Ia 4500 | ||
|---|---|---|---|
| 008 | 220620s9999||||xx |||||||||||||| ||und|| | ||
| 022 | _a19253702 | ||
| 100 | _aColin M. Coates (Editor)||Ben Bradley (Editor)||Jay Young (Editor) | ||
| 245 | 0 | _aMoving Natures: Mobility and Environment in Canadian History | |
| 546 | _aEnglish[eng] | ||
| 650 | _aGeography||Environmental Science||History | ||
| 856 | _uhttps://press.ucalgary.ca/books/9781552388594 | ||
| 942 | _cEB | ||
| 999 |
_c22540 _d22540 |
||